Trouvez les paroles - Dom Pérignon, Columbine - Statistiques

Statistiques générales
  • Ce quiz a été pris 117 fois
  • Le résultat moyen est 311 sur 493
Statistiques - réponses
Réponse % Correct
pé'
100%
le
98%
à
96%
a
96%
Dom
96%
| x2 Pérignon
96%
sur
96%
du
95%
j'suis
95%
J'suis
95%
avec
93%
Avec
93%
Ca
93%
de
93%
la
93%
me
93%
ce
89%
les
89%
Les
89%
l'perron
89%
comme
87%
x2 I
87%
mes
87%
C'est
85%
c'est
85%
d'A
85%
en
84%
je
84%
Je
84%
ma
84%
par
84%
Suce
84%
suce
84%
un
84%
deux
82%
j'ai
82%
pas
82%
Bière
80%
bière
80%
boit
80%
dans
80%
une
80%
bite
78%
Cap
78%
des
78%
Devant
78%
devant
78%
78%
pour
78%
qui
78%
ton
78%
Babel
76%
bouteille
76%
l'air
76%
lèche
76%
On
76%
on
76%
tour
76%
petite
75%
t'as
75%
capté
73%
parachute
73%
perché
73%
tes
73%
T'es
73%
t'es
73%
Babybel
71%
bourgeoisie
71%
caleçon
71%
mon
71%
père
71%
bide
69%
blonde
69%
goût
69%
Si
69%
si
69%
Soutien
69%
télé
69%
bouteilles
67%
Coluche
67%
Oui
67%
trop
67%
chute
65%
elle
65%
Elle
65%
est
65%
p'tit
65%
vie
65%
fraise
64%
haine
64%
il
64%
J'me
64%
Labello
64%
Mais
64%
mais
64%
que
64%
beaucoup
62%
caca
62%
cave
62%
deluxe
62%
grumeaux
62%
mesper
62%
mezzanine
62%
avant
60%
bien
60%
et
60%
GSM
60%
l'important
60%
merci
60%
ouais
60%
pornhub
60%
shit
60%
Y
60%
boule
58%
j'fais
58%
j'imprime
58%
l'club
58%
poster
58%
rêve
58%
sort
58%
toujours
58%
Toujours
58%
j'veux
56%
Mélange
56%
notre
56%
bonne
55%
dors
55%
gère
55%
j'tartine
55%
ne
55%
soir
55%
soirée
55%
x2 veut
55%
beurre
53%
J'fume
53%
x3 | x4 mini
53%
snapchats
53%
voir
53%
bus
51%
d'arachide
51%
derien
51%
j'dis
51%
j'la
51%
moi
51%
Plus
51%
plus
51%
quatre
51%
ai
49%
ChupaChups
49%
d'cul
49%
eins
49%
j'mets
49%
l'heure
49%
narines
49%
Qataris
49%
VMS
49%
d'Adèle
47%
gouter
47%
heures
47%
j'arrive
47%
mardi
47%
Mignon
47%
Smarties
47%
bas
45%
cheveux
45%
Don
45%
gras
45%
minimoys
45%
tarots
45%
trois
45%
doigt
44%
Refrain garçons
44%
Hélène
44%
qu'le
44%
yeux
44%
d'la
42%
J'sors
42%
J'te
42%
kilomètres
42%
Refrain l'Amérique
42%
savent
42%
treize
42%
verres
42%
au
40%
Barbie
40%
boite
40%
carré
40%
comique
40%
dis
40%
FO
40%
J'lâche
40%
pauvres
40%
piscine
40%
repère
40%
plusieurs
38%
résilles
38%
rond
38%
t'aimes
38%
tourne
38%
tu
38%
belle
36%
corléone
36%
cuisses
36%
Ils
36%
x2 l'boulet
36%
pilules
36%
porte
36%
quille
36%
règles
36%
risques
36%
venue
36%
VIP
36%
voila
36%
Chaman
35%
cherche
35%
fente
35%
n'aie
35%
paire
35%
pourquoi
35%
saute
35%
ses
35%
Sous
35%
SRFC
35%
x2 aboule
33%
cette
33%
chinois
33%
foutre
33%
gros
33%
Hardy
33%
j'atterris
33%
j'en
33%
j'sais
33%
l'alcool
33%
Laurel
33%
lolos
33%
l'prix
33%
m'unfollo
33%
Nike
33%
périls
33%
privé
33%
rien
33%
screenshot
33%
Strike
33%
coeur
31%
d'amitié
31%
hophophop
31%
j'voyage
31%
Magnum
31%
méditer
31%
salon
31%
sors
31%
toctoctoc
31%
bouffi
29%
bouffon
29%
collé-serré
29%
défaut
29%
j'décolle
29%
x2 lot
29%
lourd
29%
trouver
29%
alerte
27%
x3 Bébé
27%
capote
27%
cercle
27%
cocaine
27%
Danse
27%
foule
27%
l'caleçon
27%
léger
27%
LSD
27%
Malibu
27%
navigateur
27%
peuvent
27%
Adibou
25%
fais
25%
j'danse
25%
jeux
25%
SSD
25%
cent
24%
d'flair
24%
d'place
24%
l'crâne
24%
toute
24%
carte
22%
faciles
22%
filles
22%
jeans
22%
l'blue
22%
noie
22%
vu
22%
brise
20%
homéopatique
20%
j'connais
20%
j'm'attache
20%
l'estrade
20%
Poelvoorde
20%
térabits
18%
illetbi
13%
ow ow ow
13%
body
11%
buildé
11%
busy
11%
lololow
11%
J'ride
7%
hoola-hups
0%
x3 j'n'siffe
0%
Aucun quiz correspondant
Distribution des résultats
% des personnes avec chaque résultat
Percentile par nombre de réponses
Votre historique - résultats
Vous n’avez pas pris ce quiz